=LDR 00000nam 2200000 4500 =001 INLIS000000000036011 =005 20130612141824 =008 ***********************************Ind** =035 ##$$0010-061300000036011 =041 ##$$a Ind =082 ##$$a 639.31 =090 ##$$a 639.31, Tek p =100 ##$$a Baraba faib =245 ##$$a Teknik pembenihan dan Budi daya mujair, Baraba =260 ##$$a 1996 $b Surabaya =300 ##$$a 72Hlm, Ilus, 20 cm =650 ##$$a Pembenihan =850 ##$$a NBPNMAT